Concepto y justificación de la desobediencia civil / (Record no. 102118)

MARC details
000 -LEADER
fixed length control field 00674nam a22002177a 4500
005 - DATE AND TIME OF LATEST TRANSACTION
control field 20151002142503.0
008 - FIXED-LENGTH DATA ELEMENTS--GENERAL INFORMATION
fixed length control field 151002b sp ||||| |||| 00| 0 spa d
020 ## - INTERNATIONAL STANDARD BOOK NUMBER
International Standard Book Number 843441533X
050 04 - LIBRARY OF CONGRESS CALL NUMBER
Classification number K3269
Item number M35 1990
100 1# - MAIN ENTRY--PERSONAL NAME
Personal name Malem Seña, Jorge Francisco
245 10 - TITLE STATEMENT
Title Concepto y justificación de la desobediencia civil /
Statement of responsibility, etc Jorge Francisco Malem Seña
250 ## - EDITION STATEMENT
Edition statement 1a ed.
260 ## - PUBLICATION, DISTRIBUTION, ETC. (IMPRINT)
Place of publication, distribution, etc Barcelona, España :
Name of publisher, distributor, etc Editorial Ariel,
Date of publication, distribution, etc 1990
300 ## - PHYSICAL DESCRIPTION
Extent 238 p. ;
Dimensions 21 cm.
490 0# - SERIES STATEMENT
Series statement Ariel Derecho
504 ## - BIBLIOGRAPHY, ETC. NOTE
Bibliography, etc Incluye índice
650 #7 - SUBJECT ADDED ENTRY--TOPICAL TERM
Source of heading or term LEMB
Topical term or geographic name as entry element Resistencia al gobierno
650 #7 - SUBJECT ADDED ENTRY--TOPICAL TERM
Source of heading or term LEMB
Topical term or geographic name as entry element Resistencia civil
650 #7 - SUBJECT ADDED ENTRY--TOPICAL TERM
Source of heading or term LEMB
Topical term or geographic name as entry element Derecho
General subdivision Filosofía
942 ## - ADDED ENTRY ELEMENTS (KOHA)
Source of classification or shelving scheme Biblioteca del Cogreso de los Estados Unidos
Koha item type Libro
Holdings
Estado de pérdida Fuente de clasificación Estado del daño No para préstamo Ubicación permanente Ubicación actual Apartado o colección Fecha de adquisición Edición Dependencia de educación superior (DES) Área del conocimiento Clasificación Código de Barras Date last seen Número de copia Tipo de recurso
  Biblioteca del Cogreso de los Estados Unidos     Biblioteca del Posgrado en Derecho Biblioteca del Posgrado en Derecho Colección Ernesto Villanueva 02/10/2015 1a ed. Derecho Ciencias Sociales y Administrativas K3269 M35 r1990 BPD000002922 02/10/2015 1 Libro